[Event "Mittelfranken-chTB2b 1516"]
[Site "Mittelfranken"]
[Date "2016.02.14"]
[Round "6.2"]
[White "Hennig, Andreas"]
[Black "Kirchner, Norbert"]
[Result "1-0"]
[WhiteElo "1810"]
[BlackElo "1973"]
[PlyCount "113"]
[EventDate "2015.10.18"]
[EventType "team-tourn"]
[EventRounds "9"]
[EventCountry "GER"]
[SourceTitle "EXT 2020"]
[Source "ChessBase"]
[SourceDate "2019.10.17"]
[SourceVersion "1"]
[SourceVersionDate "2019.10.17"]
[SourceQuality "1"]
[WhiteTeam "Nuernberg SK 1911 II"]
[BlackTeam "Heideck/Hilpoltstein"]
[WhiteTeamCountry "GER"]
[BlackTeamCountry "GER"]

1. d4 d5 2. c4 c6 3. Nc3 Nf6 4. cxd5 cxd5 5. Bg5 Ne4 6. Bf4 Qa5 7. Qb3 e6 8. a3 Nc6 9. Nf3 g5 10. Be3 g4 11. Nd2 Nxd2 12. Bxd2 Nxd4 13. Qd1 Nf5 14. e4 dxe4 15. Bb5+ Bd7 16. Bxd7+ Kxd7 17. Nxe4 Qb5 18. Bc3+ Bd6 19. Nxd6 Nxd6 20. Bxh8 Rxh8 21. Qxg4 Rc8 22. Qe2 Qxe2+ 23. Kxe2 Rc2+ 24. Kf3 Rxb2 25. Rhd1 e5 26. Rab1 Rxb1 27. Rxb1 b5 28. Ke3 a5 29. Kd3 Kc6 30. Rc1+ Kd5 31. Rc7 b4 32. Ra7 e4+ 33. Kc2 Nc4 34. axb4 axb4 35. Rc7 e3 36. fxe3 Nxe3+ 37. Kb3 Ke6 38. g3 Nf1 39. Rc2 Ke5 40. Re2+ Kd4 41. Rf2 Ne3 42. Rf4+ Ke5 43. Rxf7 h6 44. Re7+ Kd4 45. Rh7 Ke4 46. Rxh6 Kf3 47. Rh4 Kg2 48. Kxb4 Nf5 49. Rh8 Nd4 50. g4 Kf3 51. g5 Nc6+ 52. Kc5 Ne5 53. Kd5 Ng6 54. Rh6 Nf4+ 55. Ke5 Kg4 56. Rh4+ Kxg5 57. Rxf4 1-0

[Event "Mittelfranken-chTB1 1415"]
[Site "Mittelfranken"]
[Date "2015.04.19"]
[Round "9.2"]
[White "Hennig, Andreas"]
[Black "Wittmann, Paul"]
[Result "0-1"]
[WhiteElo "1810"]
[BlackElo "2033"]
[PlyCount "108"]
[EventDate "2014.09.29"]
[EventType "team-tourn"]
[EventRounds "9"]
[EventCountry "GER"]
[SourceTitle "EXT 2020"]
[Source "ChessBase"]
[SourceDate "2019.10.17"]
[SourceVersion "1"]
[SourceVersionDate "2019.10.17"]
[SourceQuality "1"]
[WhiteTeam "Nuernberg SK 1911 II"]
[BlackTeam "Nuernberg Zabo"]
[WhiteTeamCountry "GER"]
[BlackTeamCountry "GER"]

1. d4 d5 2. c4 c6 3. Nc3 Nf6 4. Nf3 a6 5. c5 Nbd7 6. Bf4 Nh5 7. Bg5 h6 8. Bh4 g5 9. Bg3 Nxg3 10. hxg3 Bg7 11. Qd3 e5 12. Nxe5 Nxe5 13. dxe5 Bxe5 14. 0-0-0 Qf6 15. e4 Bxc3 16. bxc3 dxe4 17. Qxe4+ Be6 18. Qe3 0-0 19. Rd6 Rad8 20. Qd4 Qxd4 21. Rxd4 Kg7 22. Rb4 Rd7 23. Be2 Bxa2 24. Rb6 Rfd8 25. Rd1 Be6 26. Rxb7 Rxd1+ 27. Bxd1 Rd3 28. Kc2 Bf5 29. Rb6 Rd5+ 30. Kc1 Rxc5 31. Kb2 Rb5+ 32. Rxb5 cxb5 33. Ka3 a5 34. Be2 Bd7 35. Bf3 Be6 36. Be2 Bd7 37. c4 bxc4 38. Bxc4 Bc6 39. f3 f5 40. Be2 Kf6 41. Kb2 Ke5 42. Kc3 f4 43. g4 Kd5 44. Bd3 Kc5 45. Bc2 Bb5 46. Kd2 Kd4 47. Bb3 a4 48. Bxa4 Bxa4 49. Ke2 Bb5+ 50. Kf2 Bc4 51. Kg1 Ke3 52. Kh2 Bd5 53. g3 Kxf3 54. Kh3 Be6 0-1

[Event "Mittelfranken-chTB2a 1314"]
[Site "Mittelfranken"]
[Date "2014.05.04"]
[Round "9.7"]
[White "Hennig, Andreas"]
[Black "Sand, Peter"]
[Result "1-0"]
[WhiteElo "1810"]
[BlackElo "1743"]
[PlyCount "83"]
[EventDate "2013.10.20"]
[EventType "team-tourn"]
[EventRounds "9"]
[EventCountry "GER"]
[SourceTitle "EXT 2020"]
[Source "ChessBase"]
[SourceDate "2019.10.17"]
[SourceVersion "1"]
[SourceVersionDate "2019.10.17"]
[SourceQuality "1"]
[WhiteTeam "Nuernberg SK 1911 II"]
[BlackTeam "Fuerth SF II"]
[WhiteTeamCountry "GER"]
[BlackTeamCountry "GER"]

1. d4 Nf6 2. c4 e6 3. Nc3 Bb4 4. Bg5 h6 5. Bh4 0-0 6. a3 Bxc3+ 7. bxc3 b6 8. Nf3 Bb7 9. e3 d5 10. Be2 Nbd7 11. 0-0 Qe7 12. Qb3 c5 13. cxd5 exd5 14. a4 c4 15. Qb2 g5 16. Bg3 Ne4 17. a5 Nxg3 18. hxg3 Rfb8 19. a6 Bc6 20. Nd2 Nf6 21. g4 Bd7 22. e4 b5 23. Bf3 Bxg4 24. Bxg4 Nxg4 25. exd5 Qd6 26. Nf3 Qxd5 27. Ra5 Rb6 28. Re1 Qd7 29. Qb4 Re8 30. Raa1 Ree6 31. d5 Rxe1+ 32. Rxe1 Rd6 33. Nd4 Rxd5 34. Re7 Qd8 35. g3 Ne5 36. Rxa7 Nd3 37. Qe7 Qxe7 38. Rxe7 Rd8 39. Nxb5 Ra8 40. a7 Nc5 41. Rc7 Na6 42. Rc6 1-0

[Event "Mittelfranken-chTB2a 1213"]
[Site "Germany"]
[Date "2012.12.16"]
[Round "5.6"]
[White "Hennig, Andreas"]
[Black "Rabenstein, Christian"]
[Result "1-0"]
[WhiteElo "1755"]
[BlackElo "1876"]
[PlyCount "81"]
[EventDate "2012.10.07"]
[EventType "team-tourn"]
[EventRounds "9"]
[EventCountry "GER"]
[SourceTitle "EXT 2019"]
[Source "ChessBase"]
[SourceDate "2018.10.10"]
[SourceVersion "1"]
[SourceVersionDate "2018.10.10"]
[SourceQuality "1"]
[WhiteTeam "Nuernberg SK 1911 II"]
[BlackTeam "Nuernberg NT V"]
[WhiteTeamCountry "GER"]
[BlackTeamCountry "GER"]

1. d4 Nf6 2. c4 e6 3. Nc3 Bb4 4. Bg5 h6 5. Bh4 c5 6. Nf3 g5 7. Bg3 Ne4 8. Qd3 f5 9. Be5 0-0 10. Bxb8 Rxb8 11. Nd2 Qa5 12. Nb3 Bxc3+ 13. bxc3 Qxc3+ 14. Qxc3 Nxc3 15. Nxc5 b6 16. Nb3 Ba6 17. e3 Rbc8 18. c5 Bxf1 19. Rxf1 b5 20. a3 f4 21. Kd2 Na4 22. e4 e5 23. Rab1 exd4 24. Rfc1 Nc3 25. Rb2 Nxe4+ 26. Kd3 Rfe8 27. Kxd4 a6 28. Re1 d5 29. f3 Nf6 30. Rbe2 Rxe2 31. Rxe2 Kf7 32. Na5 g4 33. c6 gxf3 34. gxf3 h5 35. Kc5 Ne8 36. Nb7 Kf6 37. Nd6 Nxd6 38. Kxd6 d4 39. Kd7 Rg8 40. Re6+ Kf5 41. c7 1-0

[Event "Mittelfranken-chTB2b 1011"]
[Site "Germany"]
[Date "2011.03.13"]
[Round "7.6"]
[White "Mueller, Lothar1111"]
[Black "Hennig, Andreas"]
[Result "0-1"]
[WhiteElo "1862"]
[BlackElo "1695"]
[PlyCount "56"]
[EventDate "2010.09.26"]
[EventType "team-tourn"]
[EventRounds "9"]
[EventCountry "GER"]
[SourceTitle "EXT 2012"]
[Source "ChessBase"]
[SourceDate "2011.11.24"]
[SourceVersion "1"]
[SourceVersionDate "2011.11.24"]
[SourceQuality "1"]
[WhiteTeam "Postbauer Heng II"]
[BlackTeam "Nuernberg SK 1911 II"]
[WhiteTeamCountry "GER"]
[BlackTeamCountry "GER"]

1. Nf3 d5 2. d4 Nf6 3. c4 e6 4. Nc3 c5 5. Bg5 Be7 6. dxc5 Qa5 7. Bd2 Qxc5 8. cxd5 exd5 9. Rc1 0-0 10. e3 Bf5 11. Nb5 Qb6 12. Nc7 Nc6 13. Nxa8 Rxa8 14. Bc3 Nb4 15. a3 Na2 16. Bxf6 Bxf6 17. Qxd5 Nxc1 18. Qxf5 Qxb2 19. Bd3 Qc3+ 20. Nd2 Nxd3+ 21. Ke2 Nc1+ 22. Kd1 Rd8 23. Qc2 Nd3 24. Qxc3 Bxc3 25. Kc2 Bxd2 26. Rd1 Ne1+ 27. Kb3 b5 28. a4 Rd3+ 0-1

[Event "Mittelfranken-chTB2b 1011"]
[Site "Germany"]
[Date "2011.01.23"]
[Round "5.7"]
[White "Hennig, Andreas"]
[Black "Strnad, Alfred"]
[Result "1-0"]
[WhiteElo "1695"]
[BlackElo "1915"]
[PlyCount "127"]
[EventDate "2010.09.26"]
[EventType "team-tourn"]
[EventRounds "9"]
[EventCountry "GER"]
[SourceTitle "EXT 2012"]
[Source "ChessBase"]
[SourceDate "2011.11.24"]
[SourceVersion "1"]
[SourceVersionDate "2011.11.24"]
[SourceQuality "1"]
[WhiteTeam "Nuernberg SK 1911 II"]
[BlackTeam "Heideck/Hilpoltstein"]
[WhiteTeamCountry "GER"]
[BlackTeamCountry "GER"]

1. d4 Nf6 2. c4 g6 3. Nc3 Bg7 4. e4 d6 5. f3 0-0 6. Be3 Na6 7. Bd3 c5 8. Nge2 cxd4 9. Nxd4 Nc5 10. b4 Nxd3+ 11. Qxd3 a5 12. b5 Nd7 13. Rb1 Ne5 14. Qe2 Qc7 15. Nd5 Qxc4 16. Nb6 Qxe2+ 17. Kxe2 Rb8 18. Rhd1 Nd7 19. Nd5 e6 20. Ne7+ Kh8 21. Nb3 a4 22. Na5 Re8 23. Nxc8 Rexc8 24. Rxd6 Ne5 25. Rbd1 Rc2+ 26. R1d2 Rxd2+ 27. Rxd2 h5 28. h3 b6 29. Nc6 Nxc6 30. bxc6 Rc8 31. Rc2 b5 32. f4 b4 33. Rc4 b3 34. Rxa4 b2 35. Rb4 Rxc6 36. e5 Rc2+ 37. Kf3 Bf8 38. Rb8 Kg7 39. a4 Ba3 40. Bd4 Rd2 41. Ke4 Rxg2 42. a5 Re2+ 43. Kd3 Re1 44. Bxb2 Bxb2 45. Rxb2 Ra1 46. Rb5 Ra4 47. Kc3 h4 48. Kb3 Rxf4 49. a6 Rf1 50. Kb4 Ra1 51. Ra5 Rb1+ 52. Kc5 Rb8 53. a7 Ra8 54. Kb6 f6 55. Kb7 Rxa7+ 56. Kxa7 fxe5 57. Rxe5 Kf6 58. Re4 g5 59. Kb6 Kf5 60. Rg4 Kf6 61. Kc5 Kf5 62. Kd4 e5+ 63. Kd5 Kf6 64. Ke4 1-0

[Event "Mittelfrankenliga-B2b 0607"]
[Site "Mittelfranken"]
[Date "2007.03.11"]
[Round "7.4"]
[White "Hennig, Andreas"]
[Black "Horneber, Thomas"]
[Result "0-1"]
[WhiteElo "1856"]
[BlackElo "1910"]
[PlyCount "58"]
[EventDate "2006.10.22"]
[EventType "team-tourn"]
[EventRounds "9"]
[EventCountry "GER"]
[SourceTitle "EXT 2011"]
[Source "ChessBase"]
[SourceDate "2010.11.26"]
[SourceVersion "1"]
[SourceVersionDate "2010.11.26"]
[SourceQuality "1"]
[WhiteTeam "Nuernberg SK 1911 II"]
[BlackTeam "Heilsbronn"]
[WhiteTeamCountry "GER"]
[BlackTeamCountry "GER"]

1. d4 d6 2. c4 Nf6 3. Nc3 g6 4. Nf3 Bg7 5. g3 b6 6. Bg2 Bb7 7. 0-0 0-0 8. Re1 Nbd7 9. d5 Ba6 10. Nd2 Ng4 11. Rb1 Nge5 12. Nb5 Bxb5 13. cxb5 a6 14. f4 Ng4 15. e4 Bd4+ 16. Kf1 Ne3+ 17. Rxe3 Bxe3 18. Qe2 Bd4 19. e5 dxe5 20. Nb3 axb5 21. Nxd4 exd4 22. d6 exd6 23. Qxb5 Ra5 24. Qc4 c5 25. Bd2 Ra7 26. Bd5 Nf6 27. Bf3 d5 28. Qd3 Rxa2 29. b4 Ne4 0-1

[Event "Mittelfrankenliga-B2a 0506"]
[Site "Germany"]
[Date "2006.01.29"]
[Round "5.5"]
[White "Kipferl, Wolfgang"]
[Black "Hennig, Andreas"]
[Result "1-0"]
[WhiteElo "1832"]
[BlackElo "1837"]
[PlyCount "117"]
[EventDate "2005.10.16"]
[EventType "team"]
[EventRounds "9"]
[EventCountry "GER"]
[SourceTitle "EXT 2007"]
[Source "ChessBase"]
[SourceDate "2006.11.23"]
[SourceVersion "1"]
[SourceVersionDate "2006.11.23"]
[SourceQuality "1"]

1. e4 e6 2. d4 d5 3. exd5 exd5 4. Bd3 Nf6 5. Bf4 Nc6 6. Ne2 Be6 7. a3 Nh5 8. Bb5 Nxf4 9. Nxf4 Qf6 10. Bxc6+ bxc6 11. Nxe6 fxe6 12. 0-0 Bd6 13. Nc3 0-0 14. Qg4 Rab8 15. b3 c5 16. Ne2 cxd4 17. Nxd4 e5 18. Ne2 e4 19. b4 Qe5 20. Ng3 Rf6 21. Qh5 Rbf8 22. Qxe5 Bxe5 23. Rad1 c6 24. Ne2 e3 25. f3 Rd8 26. c3 Bc7 27. Rfe1 Re8 28. Rd3 Bb6 29. Nd4 e2 30. Kf2 Rh6 31. Rxe2 Rxe2+ 32. Kxe2 Rxh2 33. Kf2 c5 34. bxc5 Bxc5 35. Kg1 Rh5 36. g4 Re5 37. a4 Re2 38. a5 Ra2 39. Kf1 Bxd4 40. Rxd4 Rxa5 41. Ke2 Kf7 42. Rb4 Kf6 43. Ke3 Ra3 44. Kd4 h6 45. Rb5 Ke6 46. Rb7 Ra4+ 47. Kd3 Kf6 48. Rd7 Rf4 49. Ke3 Rc4 50. Kd3 Ra4 51. Rxd5 Ra1 52. c4 Rd1+ 53. Ke4 Rxd5 54. Kxd5 Ke7 55. Kc6 a5 56. Kb5 Kd6 57. c5+ Kd5 58. c6 a4 59. c7 1-0

[Event "Mittelfrankenliga-B2a 0506"]
[Site "Germany"]
[Date "2005.11.20"]
[Round "2.4"]
[White "Hennig, Andreas"]
[Black "Hepting, Heinrich"]
[Result "0-1"]
[WhiteElo "1837"]
[BlackElo "2155"]
[PlyCount "42"]
[EventDate "2005.10.16"]
[EventType "team"]
[EventRounds "9"]
[EventCountry "GER"]
[SourceTitle "EXT 2007"]
[Source "ChessBase"]
[SourceDate "2006.11.23"]
[SourceVersion "1"]
[SourceVersionDate "2006.11.23"]
[SourceQuality "1"]

1. d4 Nf6 2. c4 g6 3. Nc3 Bg7 4. e4 d6 5. f3 0-0 6. Bd3 Nc6 7. Nge2 e5 8. Be3 Ng4 9. fxg4 exd4 10. Bf2 dxc3 11. Nxc3 Ne5 12. Be2 c6 13. 0-0 Be6 14. c5 dxc5 15. Bxc5 Re8 16. h3 Qg5 17. Qe1 Nxg4 18. Bxa7 Rxa7 19. Bxg4 Bxg4 20. hxg4 Bd4+ 21. Kh1 Qh6+ 0-1

[Event "Mittelfranken-chT 0405"]
[Site "Germany"]
[Date "2005.04.03"]
[Round "8.6"]
[White "Hennig, Andreas"]
[Black "Doetterl, Ludwig"]
[Result "1-0"]
[WhiteElo "1817"]
[BlackElo "1828"]
[PlyCount "137"]
[EventDate "2004.10.17"]
[EventType "team"]
[EventRounds "9"]
[EventCountry "GER"]
[SourceTitle "EXT 2007"]
[Source "ChessBase"]
[SourceDate "2006.11.23"]
[SourceVersion "1"]
[SourceVersionDate "2006.11.23"]
[SourceQuality "1"]

1. d4 d5 2. c4 e6 3. Nc3 Nf6 4. Bg5 Be7 5. Nf3 h6 6. Bh4 c6 7. e3 Nbd7 8. Bd3 0-0 9. 0-0 dxc4 10. Bxc4 Nd5 11. Bxe7 Qxe7 12. e4 N5b6 13. Bb3 Rd8 14. Re1 e5 15. d5 Nf6 16. Qc2 Bg4 17. dxc6 bxc6 18. Na4 Rd6 19. Qc3 Bxf3 20. Qxf3 Rd4 21. Nc3 Rad8 22. Rad1 Rd2 23. Rxd2 Rxd2 24. Re2 Qd6 25. h3 Qd4 26. Kf1 a5 27. Ke1 Rd3 28. Qf5 Qd6 29. f4 Nbd7 30. fxe5 Qxe5 31. Qxe5 Nxe5 32. Bc2 Rd4 33. Rd2 Rxd2 34. Kxd2 Kf8 35. Bb3 Ke7 36. Ke3 Nfd7 37. Na4 g5 38. Kd4 Kd6 39. a3 f6 40. Ba2 c5+ 41. Ke3 Nf8 42. Nc3 Nfd7 43. Nd5 h5 44. Bb3 h4 45. Ke2 Nc6 46. Kd2 Nce5 47. Ne3 Nb6 48. Kc3 Ng6 49. Nc4+ Nxc4 50. Kxc4 Nf4 51. Kb5 Nxg2 52. Bd1 Ne3 53. Be2 Ke5 54. Kxc5 Kf4 55. b4 g4 56. Bxg4 Nxg4 57. bxa5 Kg3 58. a6 Kxh3 59. a7 Kg2 60. a8Q h3 61. e5+ Kg1 62. Qg8 f5 63. Qb3 h2 64. Qg3+ Kf1 65. Qf3+ Kg1 66. Qd1+ Kg2 67. Qc2+ Kg1 68. Qxf5 Nxe5 69. Qxe5 1-0

[Event "Mittelfranken-chT 0405"]
[Site "Germany"]
[Date "2005.02.28"]
[Round "6.6"]
[White "Hennig, Andreas"]
[Black "Schneider, Peter"]
[Result "1-0"]
[WhiteElo "1817"]
[BlackElo "1668"]
[PlyCount "81"]
[EventDate "2004.10.17"]
[EventType "team"]
[EventRounds "9"]
[EventCountry "GER"]
[SourceTitle "EXT 2007"]
[Source "ChessBase"]
[SourceDate "2006.11.23"]
[SourceVersion "1"]
[SourceVersionDate "2006.11.23"]
[SourceQuality "1"]

1. d4 d5 2. c4 c6 3. cxd5 cxd5 4. Nc3 e6 5. Nf3 Nc6 6. Bf4 a6 7. Rc1 Nf6 8. e3 Bd6 9. Bxd6 Qxd6 10. Be2 0-0 11. 0-0 Bd7 12. Na4 b5 13. Nc5 Ne4 14. a4 Nxc5 15. Rxc5 bxa4 16. Qxa4 Ne7 17. Qa3 Bb5 18. Bxb5 axb5 19. Qd3 b4 20. Rfc1 Rfc8 21. Rxc8+ Nxc8 22. g3 h6 23. Qb5 Ne7 24. Ne5 Rb8 25. Qa4 f6 26. Nd7 Rd8 27. Nc5 Qb6 28. Nd7 Qd6 29. Nc5 Qb6 30. Nd3 Rb8 31. Qd7 Rb7 32. Qe8+ Kh7 33. Nc5 Rc7 34. Ra1 Qc6 35. Qd8 Nc8 36. Nxe6 Rf7 37. Nf8+ Kg8 38. Ng6+ Kh7 39. Nf4 Rd7 40. Qe8 Re7 41. Qxc6 1-0

[Event "GER HL-052 corr"]
[Site "GER corr"]
[Date "2001.??.??"]
[Round "?"]
[White "Jankowski, Volker"]
[Black "Hennig, Andreas"]
[Result "1-0"]
[WhiteElo "1852"]
[BlackElo "1831"]
[PlyCount "69"]
[EventDate "2001.??.??"]
[EventType "tourn (corr)"]
[EventRounds "6"]
[EventCountry "GER"]
[SourceTitle "Corr 2020"]
[Source "ChessBase"]
[SourceDate "2019.09.30"]
[SourceVersion "1"]
[SourceVersionDate "2019.09.30"]
[SourceQuality "1"]

1. d4 Nf6 2. c4 c5 3. d5 e6 4. Nc3 exd5 5. cxd5 d6 6. Nf3 g6 7. Bf4 a6 8. a4 Bg7 9. e4 Bg4 10. Be2 0-0 11. 0-0 Re8 12. Nd2 Bxe2 13. Qxe2 Nh5 14. Be3 Nd7 15. a5 Rb8 16. g4 Nhf6 17. f3 b5 18. axb6 Nxb6 19. Ra3 a5 20. Bg5 h6 21. Be3 Nh7 22. Nb3 Ra8 23. Nxa5 Rxa5 24. Rxa5 Nxd5 25. Nxd5 Qxa5 26. Qd3 Bxb2 27. Bxh6 Nf6 28. Bd2 Qa2 29. Nc3 Qb3 30. Rb1 d5 31. exd5 c4 32. Qf1 Rd8 33. Qf2 Nxd5 34. Bg5 Nxc3 35. Rxb2 1-0

[Event "Apolda op 1st"]
[Site "Apolda"]
[Date "1992.??.??"]
[Round "1"]
[White "Liedtke, Matthias"]
[Black "Hennig, Andreas"]
[Result "1-0"]
[WhiteElo "2350"]
[BlackElo "1840"]
[PlyCount "45"]
[EventDate "1992.09.24"]
[EventType "swiss"]
[EventRounds "7"]
[EventCountry "GER"]
[SourceTitle "EXT 2004"]
[Source "ChessBase"]
[SourceDate "2003.11.25"]
[SourceVersion "1"]
[SourceVersionDate "2003.11.25"]
[SourceQuality "1"]

1. e4 e6 2. d4 d5 3. e5 c5 4. c3 Nc6 5. Nf3 Qb6 6. a3 Nge7 7. Bd3 cxd4 8. cxd4 Nf5 9. Bxf5 exf5 10. Nc3 Be6 11. h4 Be7 12. Ne2 h6 13. Qd3 Qc7 14. Bd2 0-0 15. b4 a6 16. Ng3 Qd7 17. Nh5 Na7 18. Qe3 Rfc8 19. Nxg7 Bf8 20. Nh5 Qe7 21. g4 fxg4 22. Nf6+ Kh8 23. Qd3 1-0